[Event "Wch U16"]
[Site "Montesilvano"]
[Date "2023.11.24"]
[Round "11"]
[White "Krawczyk, Flawian"]
[Black "Colev, Ivor"]
[Result "1-0"]
[WhiteElo "2288"]
[BlackElo "2102"]
[PlyCount "101"]
[EventDate "2023.11.13"]
[EventType "swiss"]
[EventRounds "11"]
[EventCountry "ITA"]
[SourceTitle "CB48_2023"]
[SourceDate "2023.11.29"]
[SourceVersion "1"]
[SourceVersionDate "2023.11.29"]
[SourceQuality "1"]

1. d4 Nf6 2. c4 g6 3. Nc3 Bg7 4. e4 d6 5. Be2 0-0 6. Be3 e5 7. d5 a5 8. h4 Na6 9. h5 Nc5 10. Qc2 Ng4 11. Bxg4 Bxg4 12. f3 Bd7 13. 0-0-0 Qe7 14. Kb1 f5 15. hxg6 hxg6 16. Nh3 f4 17. Bxc5 dxc5 18. Qf2 a4 19. a3 Bf6 20. d6 cxd6 21. g3 fxg3 22. Qxg3 Kg7 23. Nd5 Qf7 24. Nb6 Rad8 25. Ng5 Bxg5 26. Qxg5 Qf6 27. Qh6+ Kf7 28. Nd5 Qg7 29. Qg5 Bc6 30. Qe7+ Kg8 31. Nf6+ Rxf6 32. Qxd8+ Qf8 33. Qc7 Qg7 34. Qc8+ Qf8 35. Qg4 b5 36. Qh3 Kf7 37. cxb5 Bxb5 38. Rh2 Ke7 39. Qg3 Be8 40. Qg5 Bf7 41. f4 Qa8 42. Re2 Qc6 43. fxe5 dxe5 44. Qxe5+ Re6 45. Qg5+ Kf8 46. Qh6+ Ke7 47. Qh4+ Kf8 48. Qh8+ Bg8 49. Rf2+ Ke7 50. Qg7+ Ke8 51. Qf8# 1-0

[Event "Wch U16"]
[Site "Montesilvano"]
[Date "2023.11.17"]
[Round "5"]
[White "Chyndygyr, Tamerlan"]
[Black "Colev, Ivor"]
[Result "0-1"]
[WhiteElo "2260"]
[BlackElo "2102"]
[PlyCount "116"]
[EventDate "2023.11.13"]
[EventType "swiss"]
[EventRounds "11"]
[EventCountry "ITA"]
[SourceTitle "CB48_2023"]
[SourceDate "2023.11.29"]
[SourceVersion "1"]
[SourceVersionDate "2023.11.29"]
[SourceQuality "1"]

1. d4 Nf6 2. Nf3 g6 3. Bf4 Bg7 4. e3 0-0 5. h3 d6 6. Be2 Nfd7 7. 0-0 e5 8. Bh2 Nc6 9. c4 f5 10. Nc3 g5 11. dxe5 Ncxe5 12. Nd4 Nc5 13. Qc2 a5 14. Rad1 Qe8 15. Nd5 Qf7 16. Kh1 Be6 17. f4 gxf4 18. Rxf4 Nc6 19. Nxe6 Nxe6 20. Rf2 Nb4 21. Qb1 Nxd5 22. Rxd5 Qf6 23. Bd3 Qh4 24. Rf3 Nc5 25. Bxf5 Kh8 26. Rf4 Qh6 27. Bg3 Bf6 28. Bg4 Qg7 29. Rdf5 Bg5 30. Rf3 Rae8 31. Qf1 Rxf5 32. Rxf5 Ne4 33. Be1 Bxe3 34. Rf7 Bf2 35. Rxf2 Ng3+ 36. Kg1 Nxf1 37. Bc3 Re5 38. Rxf1 Qe7 39. Re1 Kg8 40. Bxe5 dxe5 41. b3 e4 42. Kf2 Qf6+ 43. Kg3 Qe5+ 44. Kf2 h5 45. Bxh5 Qxh5 46. Rxe4 Qf5+ 47. Ke3 Qg5+ 48. Kf3 Qf6+ 49. Kg3 Qc3+ 50. Kf2 Qb2+ 51. Re2 Qa3 52. Ke3 a4 53. Kd4 axb3 54. axb3 Qxb3 55. Re4 Kf7 56. Rg4 b6 57. Ke5 Qc3+ 58. Kd5 Qf6 0-1

[Event "Wch U16"]
[Site "Montesilvano"]
[Date "2023.11.16"]
[Round "4"]
[White "Colev, Ivor"]
[Black "Paseka, Matyas"]
[Result "1-0"]
[WhiteElo "2102"]
[BlackElo "2250"]
[PlyCount "57"]
[EventDate "2023.11.13"]
[EventType "swiss"]
[EventRounds "11"]
[EventCountry "ITA"]
[SourceTitle "CB48_2023"]
[SourceDate "2023.11.29"]
[SourceVersion "1"]
[SourceVersionDate "2023.11.29"]
[SourceQuality "1"]

1. e4 c5 2. Nf3 Nc6 3. d4 cxd4 4. Nxd4 Nf6 5. Nc3 d6 6. Bg5 e6 7. Qd2 a6 8. 0-0-0 Bd7 9. f4 h6 10. Bh4 g5 11. fxg5 Ng4 12. Be2 Nge5 13. Nf3 Be7 14. Rhg1 b5 15. a3 Rc8 16. Kb1 Ng6 17. Bg3 hxg5 18. Bxd6 g4 19. Bxe7 Qxe7 20. Nd4 Nce5 21. Rgf1 f6 22. Rf2 Rxh2 23. Qe3 Kf7 24. Qg3 Rh6 25. Bxg4 Nc4 26. Nd5 exd5 27. Bxd7 Qxd7 28. Qg5 Rch8 29. Rxf6+ 1-0

[Event "Wch U16"]
[Site "Montesilvano"]
[Date "2023.11.13"]
[Round "1"]
[White "Kvaloy, Aksel Bu"]
[Black "Colev, Ivor"]
[Result "1-0"]
[WhiteElo "2457"]
[BlackElo "2102"]
[PlyCount "101"]
[EventDate "2023.11.13"]
[EventType "swiss"]
[EventRounds "11"]
[EventCountry "ITA"]
[SourceTitle "CB48_2023"]
[SourceDate "2023.11.29"]
[SourceVersion "1"]
[SourceVersionDate "2023.11.29"]
[SourceQuality "1"]

1. d4 Nf6 2. Nf3 g6 3. Bg5 Bg7 4. Nbd2 0-0 5. c3 h6 6. Bh4 d6 7. e4 c5 8. dxc5 dxc5 9. Be2 Nc6 10. 0-0 Nh5 11. Qc2 Rb8 12. a4 Qc7 13. Nc4 Be6 14. Ne3 Rfd8 15. Nd2 Nf4 16. Bc4 a6 17. Bxe6 fxe6 18. Bg3 g5 19. Nf3 b5 20. axb5 axb5 21. h4 Ne5 22. Nxe5 Bxe5 23. Ng4 h5 24. Nxe5 Qxe5 25. Ra7 Kf7 26. Re1 Rg8 27. Qc1 Rbf8 28. hxg5 Kg6 29. Re3 Qxg5 30. Bxf4 Rxf4 31. Rg3 Rg4 32. Qxg5+ Kxg5 33. Rxg4+ hxg4 34. Rxe7 Kf6 35. Rb7 b4 36. cxb4 cxb4 37. Kh2 Ke5 38. Kg3 Kxe4 39. Rxb4+ Ke5 40. Rxg4 Rb8 41. b4 Kf5 42. f3 Ke5 43. b5 Kf5 44. Rb4 Rb6 45. Kf2 Kf6 46. Ke3 Ke5 47. g4 Kf6 48. Ke4 Kg5 49. Ke5 Kg6 50. f4 Kf7 51. Kd4 1-0

[Event "CRO-chT1B 31st"]
[Site "Veli Losinj"]
[Date "2023.10.18"]
[Round "8.26"]
[White "Colev, Ivor"]
[Black "Nikic, Patrick"]
[Result "0-1"]
[WhiteElo "2045"]
[BlackElo "2165"]
[PlyCount "68"]
[EventDate "2023.10.11"]
[EventType "team-tourn"]
[EventRounds "9"]
[EventCountry "CRO"]
[SourceTitle "Mega2024 Update 01"]
[Source "Chessbase"]
[SourceDate "2023.11.12"]
[SourceVersion "1"]
[SourceVersionDate "2023.11.12"]
[SourceQuality "1"]
[WhiteTeam "Strigova Stridon"]
[BlackTeam "Vinkovci"]
[WhiteTeamCountry "CRO"]
[BlackTeamCountry "CRO"]

1. e4 c5 2. Nf3 d6 3. d4 cxd4 4. Nxd4 Nf6 5. Nc3 a6 6. Qd3 g6 7. Bg5 Bg7 8. 0-0-0 Qa5 9. f4 Nbd7 10. Nb3 Qc7 11. Be2 b5 12. Bf3 Bb7 13. Rhe1 h6 14. Bxf6 Bxf6 15. e5 dxe5 16. Bxb7 Qxb7 17. Ne4 0-0-0 18. Qh3 Kb8 19. f5 Bg5+ 20. Kb1 Nf6 21. Nbc5 Qc6 22. Nxg5 hxg5 23. Rxd8+ Rxd8 24. Qa3 Rd6 25. fxg6 fxg6 26. Qe3 Qd5 27. b3 e4 28. Nxe4 Re6 29. Qg3+ Qe5 30. Re2 Nxe4 31. Qxe5+ Rxe5 32. Kc1 b4 33. c3 bxc3 34. Kc2 Kc7 0-1

[Event "World ol U16"]
[Site "Eindhoven"]
[Date "2023.08.15"]
[Round "4.7"]
[White "Balint, Peter1111"]
[Black "Colev, Ivor"]
[Result "1-0"]
[WhiteElo "2176"]
[BlackElo "2043"]
[PlyCount "77"]
[EventDate "2023.08.13"]
[EventType "team-swiss"]
[EventRounds "9"]
[EventCountry "NED"]
[SourceTitle "CBM 215 Extra"]
[Source "ChessBase"]
[SourceDate "2023.09.30"]
[SourceVersion "1"]
[SourceVersionDate "2023.09.30"]
[SourceQuality "1"]
[WhiteTeam "Austria"]
[BlackTeam "Croatia"]
[WhiteTeamCountry "AUT"]
[BlackTeamCountry "CRO"]

1. e4 c5 2. Nf3 d6 3. d4 cxd4 4. Nxd4 Nf6 5. Nc3 g6 6. Be3 Bg7 7. f3 Nc6 8. Qd2 0-0 9. Bc4 Bd7 10. 0-0-0 Rb8 11. Bb3 Na5 12. g4 b5 13. Bh6 e5 14. Nde2 Bxh6 15. Qxh6 b4 16. Nd5 Nxb3+ 17. axb3 Nxd5 18. Rxd5 Be6 19. Rd3 Qa5 20. Kd2 Rbc8 21. Rc1 d5 22. Ng3 f6 23. Ke2 Qb5 24. Kf2 Rxc2+ 25. Rxc2 Qxd3 26. Rc6 Bd7 27. Rc7 Qb5 28. Kg2 d4 29. h4 Rf7 30. h5 g5 31. Rxa7 Qb8 32. Rxd7 Rxd7 33. Qxf6 Qd6 34. Qxg5+ Rg7 35. Qxg7+ Kxg7 36. Nf5+ Kf6 37. Nxd6 Kg5 38. Kg3 d3 39. Nc4 1-0

[Event "World ol U16"]
[Site "Eindhoven"]
[Date "2023.08.14"]
[Round "3.17"]
[White "Colev, Ivor"]
[Black "He, Matthew"]
[Result "1-0"]
[WhiteElo "2043"]
[BlackElo "1839"]
[PlyCount "85"]
[EventDate "2023.08.13"]
[EventType "team-swiss"]
[EventRounds "9"]
[EventCountry "NED"]
[SourceTitle "CBM 215 Extra"]
[Source "ChessBase"]
[SourceDate "2023.09.30"]
[SourceVersion "1"]
[SourceVersionDate "2023.09.30"]
[SourceQuality "1"]
[WhiteTeam "Croatia"]
[BlackTeam "Canada III"]
[WhiteTeamCountry "CRO"]
[BlackTeamCountry "CAN"]

1. e4 c6 2. Nc3 d5 3. Nf3 dxe4 4. Nxe4 Nf6 5. Qe2 Nxe4 6. Qxe4 Nd7 7. Bc4 Nf6 8. Qe2 Bf5 9. Ne5 e6 10. d3 Bd6 11. Bd2 Qc7 12. Nf3 b5 13. Bb3 0-0 14. h3 a5 15. a4 e5 16. g4 Bg6 17. Nh4 e4 18. d4 Qb6 19. Nxg6 hxg6 20. Be3 bxa4 21. Rxa4 Bb4+ 22. Kf1 Qb5 23. c4 Qb6 24. Bc2 Rfe8 25. h4 c5 26. d5 Qd6 27. Bd1 Qe5 28. Kg2 Nd7 29. Ra1 f5 30. gxf5 gxf5 31. Ba4 Ra7 32. Qh5 Nf6 33. Qg5 Rf8 34. h5 Ng4 35. Rag1 Nxe3+ 36. fxe3 Qxb2+ 37. Kh3 Qf6 38. Qf4 Kh7 39. Rg6 Qc3 40. Rhg1 Rf6 41. Qg5 Rff7 42. h6 gxh6 43. Rxh6# 1-0

[Event "CRO-ch U15"]
[Site "Trogir"]
[Date "2023.06.25"]
[Round "8"]
[White "Perdic, Arijan"]
[Black "Colev, Ivor"]
[Result "0-1"]
[WhiteElo "1424"]
[BlackElo "2009"]
[PlyCount "104"]
[EventDate "2023.06.21"]
[EventType "swiss"]
[EventRounds "9"]
[EventCountry "CRO"]
[SourceTitle "EXT 2024"]
[Source "ChessBase"]
[SourceDate "2023.10.10"]
[SourceVersion "1"]
[SourceVersionDate "2023.10.10"]
[SourceQuality "1"]

1. e4 c5 2. b4 cxb4 3. d4 e6 4. a3 d5 5. e5 bxa3 6. c3 Ne7 7. Bxa3 Ng6 8. Bxf8 Kxf8 9. Na3 Bd7 10. Nf3 Bc6 11. h4 h5 12. g3 Ne7 13. Bd3 Nd7 14. Ng5 Nf5 15. Bxf5 exf5 16. 0-0 Kg8 17. c4 Nf8 18. Nc2 Ne6 19. Ne3 g6 20. f4 Nxg5 21. hxg5 dxc4 22. d5 Qb6 23. dxc6 Qxe3+ 24. Kg2 Qe4+ 25. Qf3 Qxc6 26. Qxc6 bxc6 27. Rfc1 Kg7 28. Rxc4 Rhc8 29. Ra6 Kf8 30. Kf3 Ke7 31. Rc5 Kd7 32. Ke3 Rc7 33. Kd4 Rb8 34. Rc3 Rb6 35. Ra5 Rb4+ 36. Ke3 Rb5 37. Ra6 Rb6 38. Ra2 a6 39. Rca3 Ra7 40. Rd3+ Ke7 41. Rc3 a5 42. Rac2 a4 43. Rxc6 Rxc6 44. Rxc6 a3 45. Rc1 a2 46. Ra1 Kd7 47. Kd4 Kc6 48. Kc4 Ra6 49. Kd4 Ra4+ 50. Kc3 Kd5 51. Kb3 Ra7 52. Kc2 Ke4 0-1

[Event "CRO-ch U15"]
[Site "Trogir"]
[Date "2023.06.21"]
[Round "1"]
[White "Colev, Ivor"]
[Black "Muha, Martin"]
[Result "1-0"]
[WhiteElo "2009"]
[BlackElo "1185"]
[PlyCount "51"]
[EventDate "2023.06.21"]
[EventType "swiss"]
[EventRounds "9"]
[EventCountry "CRO"]
[SourceTitle "EXT 2024"]
[Source "ChessBase"]
[SourceDate "2023.10.10"]
[SourceVersion "1"]
[SourceVersionDate "2023.10.10"]
[SourceQuality "1"]

1. e4 e5 2. Nf3 Nc6 3. Bb5 Nd4 4. Nxd4 exd4 5. 0-0 c6 6. Bc4 d6 7. c3 Qf6 8. f4 Nh6 9. d3 Be7 10. Kh1 0-0 11. Bd2 Ng4 12. h3 Qh4 13. Qf3 Nh6 14. cxd4 Bg4 15. Qe3 d5 16. Bb3 Bd6 17. Kg1 Rfe8 18. hxg4 Qxg4 19. Qf3 Qh4 20. Nc3 g5 21. Qh3 Qxh3 22. gxh3 gxf4 23. Bxf4 Bxf4 24. Rxf4 Rad8 25. exd5 cxd5 26. Kf2 1-0

[Event "EU-ch Amateur U2300"]
[Site "Zagreb"]
[Date "2022.08.18"]
[Round "6"]
[White "Peric, Bernard"]
[Black "Colev, Ivor"]
[Result "1-0"]
[WhiteElo "2112"]
[BlackElo "1950"]
[PlyCount "51"]
[EventDate "2022.08.14"]
[EventType "swiss"]
[EventRounds "9"]
[EventCountry "CRO"]
[SourceTitle "CBM 210 Extra"]
[Source "ChessBase"]
[SourceDate "2022.11.30"]
[SourceVersion "1"]
[SourceVersionDate "2022.11.30"]
[SourceQuality "1"]

1. e4 c5 2. Nf3 d6 3. d4 cxd4 4. Nxd4 Nf6 5. Nc3 e6 6. g4 h6 7. h4 Nc6 8. Rg1 h5 9. gxh5 Nxh5 10. Bg5 Nf6 11. Qd2 a6 12. 0-0-0 Bd7 13. Kb1 Qc7 14. Rg3 0-0-0 15. Bxf6 gxf6 16. Nd5 exd5 17. Nxc6 Bh6 18. f4 Rde8 19. Nb4 Rxe4 20. Nxd5 Qd8 21. Qc3+ Kb8 22. Nxf6 Re7 23. Rxd6 Bxf4 24. Rxd7 Bxg3 25. Rxd8+ Rxd8 26. Qxg3+ 1-0

[Event "EU-ch Amateur U2300"]
[Site "Zagreb"]
[Date "2022.08.14"]
[Round "1"]
[White "Colev, Ivor"]
[Black "Janiszewski, Maciej"]
[Result "1-0"]
[WhiteElo "1950"]
[BlackElo "2075"]
[PlyCount "115"]
[EventDate "2022.08.14"]
[EventType "swiss"]
[EventRounds "9"]
[EventCountry "CRO"]
[SourceTitle "CBM 210 Extra"]
[Source "ChessBase"]
[SourceDate "2022.11.30"]
[SourceVersion "1"]
[SourceVersionDate "2022.11.30"]
[SourceQuality "1"]

1. e4 c5 2. Nf3 Nc6 3. d4 cxd4 4. Nxd4 g6 5. Nc3 Bg7 6. Be3 Nf6 7. Bc4 0-0 8. f3 Qb6 9. 0-0 Qxb2 10. Ncb5 Qb4 11. Bb3 Nxd4 12. Nxd4 d6 13. Rb1 Qc3 14. Qd3 Qxd3 15. cxd3 Bd7 16. Rfc1 Rfc8 17. Bc4 Rab8 18. Nb5 a6 19. Na7 Rf8 20. Rb6 Ba4 21. Rcb1 d5 22. exd5 Rbd8 23. d6 exd6 24. Rxb7 d5 25. Bxa6 d4 26. Bg5 Rd5 27. Bxf6 Bxf6 28. Bc4 Ra5 29. Nb5 Be5 30. g3 g5 31. Re7 Bb8 32. Rb7 Kg7 33. Nc7 Bxc7 34. Rxc7 Kg6 35. Rbb7 Rf5 36. Rb6+ Kg7 37. Rd6 Rxf3 38. Rxd4 Bd1 39. Rdd7 h5 40. Re7 g4 41. Re1 Ba4 42. Rf1 Rxf1+ 43. Kxf1 Kg6 44. Ra7 Bd1 45. Bd5 f5 46. Ke1 Bf3 47. Bxf3 gxf3 48. Kf2 f4 49. Kxf3 fxg3+ 50. Kxg3 Rd8 51. Ra3 Rd4 52. Rb3 Kg5 53. Kf3 Kh4 54. Ke3 Rg4 55. Rb2 Kh3 56. d4 Rg1 57. Rd2 Kg4 58. d5 1-0

[Event "CRO Topla Voda Cup"]
[Site "Tuhovec"]
[Date "2022.08.06"]
[Round "1.3"]
[White "Colev, Ivor"]
[Black "Trbojevic, Mladen"]
[Result "0-1"]
[WhiteElo "1846"]
[BlackElo "2235"]
[PlyCount "110"]
[EventDate "2022.08.06"]
[EventType "team-tourn (blitz)"]
[EventRounds "11"]
[EventCountry "CRO"]
[SourceTitle "CBM 209 Extra"]
[Source "ChessBase"]
[SourceDate "2022.09.30"]
[SourceVersion "1"]
[SourceVersionDate "2022.09.30"]
[SourceQuality "1"]
[WhiteTeam "Strigova Stridon II"]
[BlackTeam "Strigova Stridon"]
[WhiteTeamCountry "CRO"]
[BlackTeamCountry "CRO"]

1. e4 e5 2. Nf3 Nc6 3. Bb5 a6 4. Ba4 Nf6 5. 0-0 b5 6. Bb3 Bc5 7. c3 d6 8. d4 Bb6 9. Re1 0-0 10. h3 h6 11. a4 Rb8 12. d5 Ne7 13. Qe2 c6 14. dxc6 Nxc6 15. Be3 Qc7 16. Nbd2 Re8 17. Bxb6 Rxb6 18. axb5 axb5 19. Rad1 Na5 20. Ba2 b4 21. cxb4 Rxb4 22. Rc1 Qb6 23. b3 Bb7 24. Nc4 Nxc4 25. Rxc4 Rxc4 26. Qxc4 Rc8 27. Qd3 Qb4 28. Bb1 Rc3 29. Qd2 Qc5 30. Rd1 Rxb3 31. Ba2 Nxe4 32. Qe2 Nc3 33. Qd2 Nxa2 34. Qxa2 Bxf3 35. Qxb3 Bxd1 36. Qxd1 d5 37. Qb3 d4 38. Qb8+ Kh7 39. Qe8 Qc7 40. Qb5 Qd6 41. Qc4 Qd7 42. Qd3+ g6 43. h4 h5 44. g3 Qd5 45. Kh2 e4 46. Qd1 d3 47. Kg1 Qd4 48. Qb3 Kg7 49. Qd1 e3 50. fxe3 Qxe3+ 51. Kg2 d2 52. Qa1+ Kh7 53. Qf6 Qe2+ 54. Kh3 Qg4+ 55. Kg2 Qd7 0-1

[Event "CRO Topla Voda Cup"]
[Site "Tuhovec"]
[Date "2022.08.06"]
[Round "11.3"]
[White "Potrebica, Andrija"]
[Black "Colev, Ivor"]
[Result "1/2-1/2"]
[WhiteElo "1334"]
[BlackElo "1846"]
[PlyCount "107"]
[EventDate "2022.08.06"]
[EventType "team-tourn (blitz)"]
[EventRounds "11"]
[EventCountry "CRO"]
[SourceTitle "CBM 209 Extra"]
[Source "ChessBase"]
[SourceDate "2022.09.30"]
[SourceVersion "1"]
[SourceVersionDate "2022.09.30"]
[SourceQuality "1"]
[WhiteTeam "Var Toplice Mladost II"]
[BlackTeam "Strigova Stridon II"]
[WhiteTeamCountry "CRO"]
[BlackTeamCountry "CRO"]

1. d4 Nf6 2. c4 e6 3. Nc3 Bb4 4. Bd2 0-0 5. a3 Bxc3 6. Bxc3 Ne4 7. Qc2 Nxc3 8. Qxc3 d5 9. e3 b6 10. cxd5 exd5 11. Nf3 Bb7 12. Bd3 Nd7 13. 0-0 h6 14. b4 Rc8 15. Rac1 c5 16. bxc5 bxc5 17. Qb2 Rb8 18. dxc5 Bc6 19. Qe2 Qa5 20. Nd4 Rfc8 21. Bf5 Qc7 22. Nxc6 Qxc6 23. Rfd1 Rd8 24. Bxd7 Rxd7 25. Qa2 Rb5 26. Qc2 Rc7 27. Rb1 Qxc5 28. Qxc5 Rbxc5 29. g3 Kf8 30. Rd3 Ke7 31. Kg2 Ke6 32. Kf3 f5 33. h4 g5 34. hxg5 hxg5 35. Rh1 g4+ 36. Kg2 Rc3 37. Rh6+ Ke5 38. Rxc3 Rxc3 39. Ra6 Rc7 40. Ra5 Rb7 41. a4 Ke4 42. Ra6 Ke5 43. Ra5 Rd7 44. Ra6 Rb7 45. Ra5 Rf7 46. Ra6 Ke4 47. Ra5 Rd7 48. Ra6 Kd3 49. Rf6 Ke4 50. Ra6 Rc7 51. Ra5 Rb7 52. Ra6 Kd3 53. Rf6 Ke4 54. Ra6 1/2-1/2

[Event "CRO-ch U15"]
[Site "Trogir"]
[Date "2022.06.26"]
[Round "8"]
[White "Colev, Ivor"]
[Black "Zadro, Matej"]
[Result "1-0"]
[WhiteElo "1992"]
[BlackElo "1861"]
[PlyCount "107"]
[EventDate "2022.06.22"]
[EventType "swiss"]
[EventRounds "9"]
[EventCountry "CRO"]
[SourceTitle "CBM 209 Extra"]
[Source "ChessBase"]
[SourceDate "2022.09.30"]
[SourceVersion "1"]
[SourceVersionDate "2022.09.30"]
[SourceQuality "1"]

1. e4 e5 2. Nf3 Nc6 3. Bb5 a6 4. Ba4 Nf6 5. 0-0 b5 6. Bb3 Be7 7. Re1 d6 8. c3 0-0 9. h3 Nb8 10. d4 Nbd7 11. Nbd2 Bb7 12. Bc2 c5 13. d5 c4 14. Nf1 Nc5 15. Ng3 g6 16. Bh6 Re8 17. Qd2 Bf8 18. Bxf8 Rxf8 19. Qh6 Qe7 20. Ng5 Rfe8 21. Rf1 Qf8 22. Qxf8+ Rxf8 23. f4 Nfd7 24. f5 h6 25. Nf3 Nf6 26. Nd2 Kg7 27. Rfb1 Bc8 28. fxg6 fxg6 29. b4 cxb3 30. axb3 Bd7 31. b4 Nb7 32. Ra3 Rfc8 33. Rba1 a5 34. Bd3 a4 35. c4 Nd8 36. cxb5 Rcb8 37. Rxa4 Rxa4 38. Rxa4 Bxb5 39. Bxb5 Rxb5 40. Nc4 Nb7 41. Kf2 Nd7 42. Ne2 Nb6 43. Nxb6 Rxb6 44. Ke3 Kf6 45. Kd3 Kg5 46. Kc4 Kh4 47. Ra8 h5 48. Nc3 g5 49. Na4 Na5+ 50. Rxa5 Rb8 51. Nc3 Rc8+ 52. Kd3 Rb8 53. b5 Kg3 54. Ra2 1-0

[Event "CRO-ch U15"]
[Site "Trogir"]
[Date "2022.06.25"]
[Round "6"]
[White "Grgantov, Marin"]
[Black "Colev, Ivor"]
[Result "1/2-1/2"]
[WhiteElo "2063"]
[BlackElo "1992"]
[PlyCount "59"]
[EventDate "2022.06.22"]
[EventType "swiss"]
[EventRounds "9"]
[EventCountry "CRO"]
[SourceTitle "CBM 209 Extra"]
[Source "ChessBase"]
[SourceDate "2022.09.30"]
[SourceVersion "1"]
[SourceVersionDate "2022.09.30"]
[SourceQuality "1"]

1. e4 c5 2. Nc3 d6 3. f4 Nf6 4. Nf3 Nc6 5. Bb5 Qc7 6. 0-0 Bg4 7. h3 Bxf3 8. Qxf3 0-0-0 9. Bxc6 Qxc6 10. d3 e6 11. Bd2 d5 12. Rae1 Qb6 13. e5 Nd7 14. b3 c4+ 15. Kh2 cxd3 16. Qxd3 Kb8 17. Be3 Qc6 18. Nb5 Nc5 19. Nd4 Qd7 20. Qe2 Ne4 21. c4 dxc4 22. Qxc4 Nd2 23. Bxd2 Qxd4 24. Qxd4 Rxd4 25. Rd1 Bc5 26. Bc3 Rxd1 27. Rxd1 Rc8 28. Rd7 Be3 29. Bd2 Bxd2 30. Rxd2 1/2-1/2

[Event "EU-ch Hybrid U14"]
[Site "Tornelo INT"]
[Date "2021.10.15"]
[Round "7"]
[White "Colev, Ivor"]
[Black "Paiva, Rodrigo Garcia"]
[Result "1/2-1/2"]
[WhiteElo "2004"]
[BlackElo "1568"]
[PlyCount "84"]
[EventDate "2021.10.15"]
[EventType "swiss"]
[EventRounds "9"]
[EventCountry "NET"]
[SourceTitle "EXT 2023"]
[Source "ChessBase"]
[SourceDate "2022.10.05"]
[SourceVersion "1"]
[SourceVersionDate "2022.10.05"]
[SourceQuality "1"]
[WhiteTeam "Croatia"]
[BlackTeam "Portugal"]
[WhiteTeamCountry "CRO"]
[BlackTeamCountry "POR"]

1. e4 c5 2. Nf3 e6 3. d4 cxd4 4. Nxd4 Nc6 5. Nc3 Qc7 6. Be3 a6 7. Qf3 Nf6 8. 0-0-0 b5 9. e5 Bb7 10. Ndxb5 axb5 11. exf6 Nb4 12. Qg4 gxf6 13. a3 Nd5 14. Nxb5 Qb8 15. Qd4 Bc6 16. Nc3 Rxa3 17. Nxd5 Ra1+ 18. Kd2 Rxd1+ 19. Kxd1 Bxd5 20. Qxf6 Rg8 21. Bg5 Rg6 22. Qf4 Bd6 23. Qc1 f6 24. Be3 Bxg2 25. Bxg2 Rxg2 26. Qd2 Ke7 27. Kc1 Qa8 28. Kb1 Rxf2 29. Qxf2 Qxh1+ 30. Qg1 Qxg1+ 31. Bxg1 f5 32. c3 e5 33. Kc2 e4 34. b4 Bb8 35. c4 Ke6 36. b5 Ke5 37. Kc3 f4 38. Bd4+ Kf5 39. Kd2 Kg4 40. Ke2 Kh3 41. Kf2 Kg4 42. b6 Kf5 1/2-1/2

[Event "CRO-ch U13"]
[Site "Trogir"]
[Date "2021.06.24"]
[Round "9"]
[White "Poljan, Max"]
[Black "Colev, Ivor"]
[Result "0-1"]
[WhiteElo "1652"]
[BlackElo "1842"]
[PlyCount "91"]
[EventDate "2021.06.18"]
[EventType "swiss"]
[EventRounds "9"]
[EventCountry "CRO"]
[SourceTitle "EXT 2022"]
[Source "ChessBase"]
[SourceDate "2021.10.06"]
[SourceVersion "1"]
[SourceVersionDate "2021.10.06"]
[SourceQuality "1"]

1. e4 c5 2. Nf3 Nc6 3. d4 cxd4 4. Nxd4 e5 5. Nb5 d6 6. a4 Be7 7. N1c3 a6 8. Na3 Nf6 9. Be3 Ng4 10. Nc4 Nxe3 11. Nxe3 0-0 12. Ncd5 Be6 13. Bd3 Kh8 14. c3 Rb8 15. b4 Bg5 16. Bc2 Ne7 17. Nxe7 Bxe7 18. 0-0 Qc7 19. Ra3 Rbc8 20. Nd5 Bxd5 21. Qxd5 g6 22. Kh1 Qc6 23. Bd3 Qxd5 24. exd5 f5 25. f3 e4 26. Be2 Bf6 27. c4 Bd4 28. Rb3 exf3 29. Rbxf3 Rfe8 30. Bd3 Re7 31. g3 Rce8 32. h3 Re3 33. Kg2 Rxf3 34. Rxf3 Re1 35. Rf1 Rxf1 36. Kxf1 Kg7 37. Ke2 Kf6 38. Kf3 Ke5 39. Bb1 Bc3 40. b5 Kd4 41. bxa6 bxa6 42. Ba2 Kc5 43. Bb3 Kb4 44. Bd1 a5 45. Be2 Kxa4 46. Ke3 0-1

[Event "CRO-ch U13"]
[Site "Trogir"]
[Date "2021.06.22"]
[Round "6"]
[White "Colev, Ivor"]
[Black "Babler, Jan"]
[Result "1/2-1/2"]
[WhiteElo "1842"]
[BlackElo "1660"]
[PlyCount "67"]
[EventDate "2021.06.18"]
[EventType "swiss"]
[EventRounds "9"]
[EventCountry "CRO"]
[SourceTitle "EXT 2022"]
[Source "ChessBase"]
[SourceDate "2021.10.06"]
[SourceVersion "1"]
[SourceVersionDate "2021.10.06"]
[SourceQuality "1"]

1. e4 e5 2. Nf3 Nc6 3. Bb5 a6 4. Ba4 d6 5. c3 f5 6. Qe2 Nf6 7. exf5 Bxf5 8. d4 e4 9. d5 Nxd5 10. Nd4 Nde7 11. Nxf5 Nxf5 12. Qxe4+ Qe7 13. Qxe7+ Bxe7 14. 0-0 b5 15. Bc2 Rf8 16. a4 Rb8 17. Re1 Kd7 18. Bb3 Ne5 19. Bc2 Bh4 20. Rf1 Rbe8 21. g3 Nf3+ 22. Kh1 Bd8 23. Bxf5+ Rxf5 24. Be3 Rh5 25. h3 Rf8 26. Kg2 Bg5 27. Bxg5 Rxg5 28. Na3 Nh4+ 29. Kh2 Nf3+ 30. Kg2 Nh4+ 31. Kh1 Nf3 32. Rad1 Re5 33. axb5 axb5 34. Kg2 1/2-1/2

[Event "CRO-ch U13"]
[Site "Trogir"]
[Date "2021.06.21"]
[Round "4"]
[White "Colev, Ivor"]
[Black "Borzan, Matej"]
[Result "1-0"]
[WhiteElo "1842"]
[BlackElo "1588"]
[PlyCount "127"]
[EventDate "2021.06.18"]
[EventType "swiss"]
[EventRounds "9"]
[EventCountry "CRO"]
[SourceTitle "EXT 2022"]
[Source "ChessBase"]
[SourceDate "2021.10.06"]
[SourceVersion "1"]
[SourceVersionDate "2021.10.06"]
[SourceQuality "1"]

1. e4 e6 2. d4 d5 3. Nd2 c5 4. exd5 Qxd5 5. dxc5 Qxc5 6. Ngf3 Nf6 7. Bd3 Be7 8. 0-0 Nbd7 9. Qe2 Qc7 10. b3 b6 11. Bb2 Bb7 12. Nc4 0-0 13. Nce5 Rfd8 14. Rfe1 Nd5 15. Nxd7 Rxd7 16. Ne5 Bf6 17. Qg4 Rdd8 18. a3 Qe7 19. c4 Nc7 20. Re3 h6 21. Rh3 Kf8 22. Bc3 a5 23. Bg6 Bxe5 24. Bxe5 fxg6 25. Qf4+ Qf7 26. Qxf7+ Kxf7 27. Bxc7 Rd2 28. Bxb6 Ra6 29. c5 Bd5 30. Rb1 Be4 31. Rc1 Bc6 32. Rhc3 Ke7 33. h3 Kd7 34. Rb1 a4 35. b4 Bb5 36. Rbc1 Kc6 37. Re1 Kd7 38. Rce3 Bc4 39. Rc1 Bb5 40. Ree1 Ra8 41. Red1 Rd5 42. f3 Re8 43. Kf2 Kc6 44. Re1 Rd3 45. Rcd1 Re7 46. Rxd3 Bxd3 47. Rd1 Rd7 48. Ke3 Bc4 49. Rxd7 Kxd7 50. g3 Bb5 51. Kd4 Ke7 52. Ke5 Bc6 53. f4 Kd7 54. Ba7 g5 55. Bb8 gxf4 56. gxf4 Ke7 57. Bd6+ Kf7 58. Kd4 Bb5 59. Be5 Bc6 60. Kc4 Ke7 61. b5 Bd5+ 62. Kb4 Bb3 63. c6 Kd8 64. b6 1-0